Guess the 1970s song lyrics #298 - Statistics

General Stats
  • This quiz has been taken 17 times
  • The average score is 113 of 214
Answer Stats
Answer % Correct
a
94%
I
94%
you
94%
love
88%
for
81%
in
81%
In
81%
the
81%
to
81%
And
75%
and
75%
do
75%
way
75%
When
75%
is
69%
it
69%
know
69%
me
69%
Am
63%
can
63%
Can
63%
I'm
63%
My
63%
my
63%
on
63%
say
63%
things
63%
why
63%
Why
63%
your
63%
can't
56%
feel
56%
It's
56%
it's
56%
never
56%
night
56%
than
56%
this
56%
understand
56%
What
56%
always
50%
ever
50%
hear
50%
I'll
50%
more
50%
need
50%
reason
50%
time
50%
been
44%
deeper
44%
Maybe
38%
really
38%
right
38%
Stronger
38%
wind
38%
eyes
31%
haven't
31%
north
31%
seem
31%
trying
31%
what's
31%
away
25%
blowing
25%
keeps
25%
Keeps
25%
running
25%
bright
19%
burning
19%
change
19%
coming
19%
everything
19%
fire
19%
Fire
19%
same
19%
through
19%
Yes
19%
growing
13%
stay
13%
dance
6%
imagine
6%
lifetime
6%
emptness
0%
No matching quizzes found
Score Distribution
Percent of People with Each Score
Percentile by Number Answered
Your Score History
You have not taken this quiz